Statistics for Milan vs Liverpool - UEFA Champions League final 2007 squads

Click here to take the quiz!

General Stats

  • This quiz has been taken 1,406 times
  • The average score is 19 of 38

Answer Stats

HintAnswer% Correct
Steven Gerrard
92%
Paolo Maldini
91%
Dida
87%
Kaká
82%
Alessandro Nesta
78%
Andrea Pirlo
77%
Carlo Ancelotti
76%
Filippo Inzaghi
76%
Rafael Benítez
76%
Gennaro Gattuso
72%
Jamie Carragher
72%
Pepe Reina
72%
Xabi Alonso
70%
Cafu
67%
Clarence Seedorf
66%
Jerzy Dudek
65%
Dirk Kuyt
62%
John Arne Riise
55%
Sami Hyypiä
47%
Steve Finnan
41%
Massimo Ambrosini
40%
Daniel Agger
39%
Peter Crouch
39%
Javier Mascherano
37%
Harry Kewell
29%
Marek Jankulovski
28%
Jermaine Pennant
26%
Massimo Oddo
26%
Kakha Kaladze
25%
Serginho
24%
Alberto Gilardino
23%
Álvaro Arbeloa
19%
Craig Bellamy
17%
Boudewijn Zenden
14%
Zeljko Kalac
13%
Cristian Brocchi
10%
Giuseppe Favalli
10%
Mark González
8%

Score Distribution

Percentile by Number Answered

Percent of People with Each Score

Your Score History

You have not taken this quiz